[Event "Israel ch 2008"]
[Site "Haifa ISR"]
[Date "2008.12.10"]
[Round "8.8"]
[White "Vydeslaver, Alik"]
[Black "Gershkowich, David"]
[Result "1-0"]
[WhiteElo "2399"]
[BlackElo "2341"]
[PlyCount "73"]
[EventDate "2008.11.??"]
[EventType "team-tourn"]
[EventRounds "9"]
[EventCountry "ISR"]
[Source "lmi"]
[SourceDate "2008.11.30"]

1. e4 c5 2. Nf3 d6 3. Bb5+ Bd7 4. Bxd7+ Qxd7 5. c4 Nf6 6. Nc3 g6 7. d4 cxd4 8.
Nxd4 Bg7 9. h3 O-O 10. Be3 Rc8 11. b3 a6 12. a4 e6 13. Rc1 Qd8 14. O-O Nbd7 15.
Qf3 Qa5 16. Rc2 Re8 17. Rd1 Rac8 18. Rb1 Qb4 19. Qd1 Qa5 20. Nde2 Qc7 21. Rd2
Bf8 22. Bf4 Ne5 23. Bg5 Nfd7 24. f4 f6 25. fxe5 fxg5 26. exd6 Qc5+ 27. Kh1 Rc6
28. Nd4 Rxd6 29. Nf3 Nf6 30. e5 Rxd2 31. Qxd2 Nh5 32. Qxg5 Qf2 33. Ne4 Qc2 34.
Re1 Bb4 35. Nf6+ Nxf6 36. exf6 Bxe1 37. Qh6 1-0

[Event "Israel ch 2008"]
[Site "Haifa ISR"]
[Date "2008.12.10"]
[Round "8.9"]
[White "Roiz, Michael"]
[Black "Kantsler, Boris"]
[Result "1/2-1/2"]
[WhiteElo "2675"]
[BlackElo "2491"]
[PlyCount "51"]
[EventDate "2008.11.??"]
[EventType "team-tourn"]
[EventRounds "9"]
[EventCountry "ISR"]
[Source "lmi"]
[SourceDate "2008.11.30"]

1. d4 d6 2. Nf3 g6 3. c4 Bg7 4. Nc3 Nf6 5. e4 O-O 6. Be2 e5 7. O-O Nbd7 8. Be3
Ng4 9. Bg5 f6 10. Bd2 c6 11. d5 f5 12. Ng5 Ndf6 13. c5 cxd5 14. exd5 dxc5 15.
h3 Nh6 16. Bc4 Kh8 17. Ne6 Bxe6 18. dxe6 Nhg8 19. Qe2 a6 20. a4 Ne7 21. Rfd1
Qc7 22. Bg5 Rad8 23. Rxd8 Rxd8 24. Rd1 Rd4 25. Be3 h6 26. b3 1/2-1/2

[Event "Israel ch 2008"]
[Site "Haifa ISR"]
[Date "2008.12.10"]
[Round "8.10"]
[White "Greenfeld, Alon"]
[Black "Zilberman, Yaacov"]
[Result "1-0"]
[WhiteElo "2560"]
[BlackElo "2447"]
[PlyCount "55"]
[EventDate "2008.11.??"]
[EventType "team-tourn"]
[EventRounds "9"]
[EventCountry "ISR"]
[Source "lmi"]
[SourceDate "2008.11.30"]

1. d4 Nf6 2. c4 e6 3. Nc3 d5 4. Bg5 Be7 5. e3 O-O 6. Rc1 h6 7. Bh4 Nbd7 8. Nf3
a6 9. cxd5 exd5 10. Bd3 c5 11. dxc5 Nxc5 12. Bb1 Be6 13. Nd4 Rc8 14. O-O Re8
15. Nf5 Bf8 16. Qf3 Ncd7 17. Qg3 Kh8 18. Nd6 Bxd6 19. Qxd6 Rc6 20. Qa3 Ne5 21.
b3 d4 22. Ne4 g5 23. Bg3 Bd5 24. Rxc6 Nxc6 25. Bc7 Qxc7 26. Nxf6 Qe5 27. Nxe8
Qxe8 28. Qd6 1-0

[Event "Israel ch 2008"]
[Site "Haifa ISR"]
[Date "2008.12.10"]
[Round "8.11"]
[White "Gofshtein, Leonid D"]
[Black "Raznikov, Danny"]
[Result "0-1"]
[WhiteElo "2546"]
[BlackElo "2251"]
[PlyCount "124"]
[EventDate "2008.11.??"]
[EventType "team-tourn"]
[EventRounds "9"]
[EventCountry "ISR"]
[Source "lmi"]
[SourceDate "2008.11.30"]

1. e4 c5 2. Ne2 d6 3. g3 Nc6 4. Bg2 g6 5. c3 Bg7 6. d4 e6 7. Be3 cxd4 8. Nxd4
Nxd4 9. Bxd4 e5 10. Be3 Ne7 11. Na3 Be6 12. Nb5 Nc8 13. Qa4 O-O 14. O-O-O Qd7
15. b3 a6 16. Nxd6 Qxa4 17. bxa4 Nxd6 18. Rxd6 Rfc8 19. Kc2 b5 20. Bf1 b4 21.
c4 Bf8 22. Rb6 Bxc4 23. Bxc4 Rxc4+ 24. Kb3 Rxe4 25. Rc1 f5 26. Rc4 Rxc4 27.
Kxc4 Rc8+ 28. Kd5 Rc2 29. Rxa6 Rxa2 30. Ra8 Kf7 31. Ra7+ Kg8 32. Kc4 Rc2+ 33.
Kb3 Rc3+ 34. Kb2 Bg7 35. Rb7 Bf8 36. a5 Ra3 37. Ra7 Bg7 38. Ra8+ Kf7 39. Ra7+
Kg8 40. Bc5 e4+ 41. Rxg7+ Kxg7 42. Bxb4 Rd3 43. a6 Rd8 44. a7 Ra8 45. Bc5 Kf6
46. Kc3 Ke5 47. Kc4 g5 48. Bd4+ Ke6 49. Bb6 h5 50. h3 Kd6 51. Be3 Ke6 52. Bc5
f4 53. g4 hxg4 54. hxg4 Ke5 55. Bd4+ Kd6 56. Bc5+ Kc6 57. Bd4 Kb7 58. Bf6 Re8
59. Bxg5 e3 60. fxe3 fxe3 61. Bh4 e2 62. Be1 Rd8 0-1

[Event "Israel ch 2008"]
[Site "Haifa ISR"]
[Date "2008.12.10"]
[Round "8.12"]
[White "Caspi, Israel"]
[Black "Tarnopolsky, Anatoly"]
[Result "1-0"]
[WhiteElo "2408"]
[BlackElo "2301"]
[PlyCount "77"]
[EventDate "2008.11.??"]
[EventType "team-tourn"]
[EventRounds "9"]
[EventCountry "ISR"]
[Source "lmi"]
[SourceDate "2008.11.30"]

1. e4 e6 2. d4 d5 3. Nd2 Nf6 4. e5 Nfd7 5. Bd3 c5 6. c3 Nc6 7. Ngf3 g6 8. h4 h6
9. O-O g5 10. c4 Nb4 11. Bb1 g4 12. Nh2 Qxh4 13. a3 Nc6 14. cxd5 Nxd4 15. dxe6
Nxe6 16. Nxg4 h5 17. Ne3 Nxe5 18. Nf5 Qd8 19. Qe2 Qc7 20. Ne4 Ng4 21. g3 Be7
22. Nxe7 Qxe7 23. Re1 Kf8 24. Ng5 Qf6 25. Ne4 Qe5 26. Bd2 Bd7 27. Nxc5 Qxe2 28.
Nxd7+ Ke7 29. Rxe2 Kxd7 30. Bc3 Rhd8 31. Bf5 Nh6 32. Bh3 Ng4 33. f3 Nh6 34. Re5
Rg8 35. Kf2 Rge8 36. Rxh5 Ng8 37. Rf5 Kc6 38. Rc1 Kb6 39. Ba5+ 1-0

[Event "Israel ch 2008"]
[Site "Haifa ISR"]
[Date "2008.12.10"]
[Round "8.13"]
[White "Popilsky, Gil"]
[Black "Vasiliev, Olga"]
[Result "1/2-1/2"]
[WhiteElo "2394"]
[BlackElo "2235"]
[PlyCount "146"]
[EventDate "2008.11.??"]
[EventType "team-tourn"]
[EventRounds "9"]
[EventCountry "ISR"]
[Source "lmi"]
[SourceDate "2008.11.30"]

1. c4 e6 2. d4 d5 3. Nc3 c5 4. cxd5 cxd4 5. Qa4+ Bd7 6. Qxd4 exd5 7. Qxd5 Nc6
8. Nf3 Nf6 9. Qb3 Be6 10. Qa4 Bc5 11. e3 O-O 12. Be2 a6 13. O-O Nb4 14. Nd4 Bg4
15. Bxg4 Nxg4 16. Nf3 b5 17. Qb3 Qd3 18. h3 Nf6 19. a3 Nc6 20. Rd1 Qg6 21. Nd5
Rad8 22. Nxf6+ Qxf6 23. Bd2 Ne5 24. Nxe5 Qxe5 25. Ba5 Rxd1+ 26. Rxd1 Bd6 27. g3
Bb8 28. Bb4 Re8 29. Qd3 h6 30. Bc3 Qh5 31. Qd7 Re6 32. Qd5 Be5 33. Bxe5 Rxe5
34. Qd8+ Kh7 35. Qd3+ g6 36. Kg2 Re6 37. Qd5 Qxd5+ 38. Rxd5 Rc6 39. Rd3 Rc2 40.
b4 Rc6 41. Kf3 Kg7 42. e4 Kf6 43. Ke3 Ke6 44. f4 f6 45. g4 Rc4 46. f5+ gxf5 47.
gxf5+ Ke7 48. Kf4 h5 49. Rg3 Kf7 50. Rd3 Ke7 51. Ke3 Rc8 52. e5 fxe5 53. Ke4
Rc1 54. Kxe5 Re1+ 55. Kf4 Rh1 56. Re3+ Kf7 57. Rc3 Rf1+ 58. Rf3 Rg1 59. Rc3
Rf1+ 60. Kg5 Rg1+ 61. Kxh5 Kf6 62. Rc6+ Kxf5 63. Rxa6 Rg8 64. Rb6 Rh8+ 65. Rh6
Ra8 66. Kh4 Rxa3 67. Rh5+ Kf4 68. Rxb5 Ra8 69. Kh5 Rh8+ 70. Kg6 Rxh3 71. Kf6
Ke4 72. Ke6 Kd4 73. Rb8 Rb3 1/2-1/2

[Event "Israel ch 2008"]
[Site "Haifa ISR"]
[Date "2008.12.10"]
[Round "8.14"]
[White "Porat, Ido"]
[Black "Kaplivatski, Alexander"]
[Result "1-0"]
[WhiteElo "2363"]
[BlackElo "2286"]
[PlyCount "103"]
[EventDate "2008.11.??"]
[EventType "team-tourn"]
[EventRounds "9"]
[EventCountry "ISR"]
[Source "lmi"]
[SourceDate "2008.11.30"]

1. d4 Nf6 2. c4 e6 3. g3 c5 4. d5 exd5 5. cxd5 g6 6. Nc3 Bg7 7. Bg2 O-O 8. Nf3
d6 9. O-O Re8 10. Nd2 a6 11. a4 Nbd7 12. h3 Rb8 13. Nc4 Nb6 14. Na3 Bd7 15. e4
Qc7 16. Be3 Nxa4 17. Nxa4 Nxe4 18. Nc2 b5 19. Nc3 Nxc3 20. bxc3 Bxc3 21. Rxa6
b4 22. Bf4 Rb6 23. Rxb6 Qxb6 24. Bd2 Ba4 25. Bxc3 bxc3 26. Qc1 Bxc2 27. Qxc2
Qb2 28. Be4 f5 29. Bd3 c4 30. Qxb2 cxb2 31. Bxc4 Rc8 32. Ba2 Rc1 33. Bb1 Kf7
34. f3 Ke7 35. Kf2 Kd7 36. Ke2 Kc7 37. Rd1 Kb6 38. Kd2 Rxd1+ 39. Kxd1 Kc5 40.
Kc2 Kd4 41. Kxb2 Ke3 42. g4 fxg4 43. fxg4 Kf4 44. Kc3 Kg3 45. Kc4 Kxh3 46. Kb5
Kxg4 47. Kc6 Kf4 48. Kxd6 h5 49. Ke6 h4 50. d6 h3 51. Ba2 h2 52. Bd5 1-0

[Event "Israel ch 2008"]
[Site "Haifa ISR"]
[Date "2008.12.10"]
[Round "8.15"]
[White "Prozhanski, Genrik"]
[Black "Gukhvat, Peter"]
[Result "1-0"]
[WhiteElo "2316"]
[BlackElo "2196"]
[PlyCount "59"]
[EventDate "2008.11.??"]
[EventType "team-tourn"]
[EventRounds "9"]
[EventCountry "ISR"]
[Source "lmi"]
[SourceDate "2008.11.30"]

1. d4 Nf6 2. c4 c5 3. d5 e5 4. Nc3 d6 5. e4 Be7 6. h3 Nbd7 7. Bd3 Nf8 8. Be3
Ng6 9. Nge2 Nh5 10. Qd2 Nh4 11. Rh2 g6 12. O-O-O a6 13. f4 f6 14. Rf1 exf4 15.
Bxf4 g5 16. Be3 Bd7 17. g4 Ng7 18. e5 O-O 19. Ne4 fxe5 20. Rxf8+ Qxf8 21. Rf2
Qe8 22. Bxg5 b5 23. Bxe7 Qxe7 24. Nf6+ Kh8 25. Qh6 Ngf5 26. gxf5 bxc4 27. Be4
c3 28. Nxc3 Bb5 29. Qxh4 Rf8 30. Qxh7+ 1-0

[Event "Israel ch 2008"]
[Site "Haifa ISR"]
[Date "2008.12.10"]
[Round "8.16"]
[White "Kataev, Simcho"]
[Black "Miller, Evgeny"]
[Result "1/2-1/2"]
[WhiteElo "2315"]
[BlackElo "2291"]
[PlyCount "40"]
[EventDate "2008.11.??"]
[EventType "team-tourn"]
[EventRounds "9"]
[EventCountry "ISR"]
[Source "lmi"]
[SourceDate "2008.11.30"]

1. d4 d5 2. Nf3 Nf6 3. Bf4 c6 4. e3 Bf5 5. Bd3 e6 6. O-O Be7 7. c4 Bxd3 8. Qxd3
Nbd7 9. Nc3 O-O 10. Rad1 Nh5 11. h3 Nxf4 12. exf4 dxc4 13. Qxc4 Nb6 14. Qb3 Qc7
15. g3 Rad8 16. Rfe1 Nd5 17. Ne4 h6 18. a3 Nf6 19. Nc3 Nd5 20. Ne4 Nf6 1/2-1/2

[Event "Israel ch 2008"]
[Site "Haifa ISR"]
[Date "2008.12.10"]
[Round "8.17"]
[White "Chernomordik, Pavel"]
[Black "Aharon, Ofir"]
[Result "0-1"]
[WhiteElo "2302"]
[BlackElo "2118"]
[PlyCount "198"]
[EventDate "2008.11.??"]
[EventType "team-tourn"]
[EventRounds "9"]
[EventCountry "ISR"]
[Source "lmi"]
[SourceDate "2008.11.30"]

1. e4 d6 2. Nc3 e5 3. g3 Nf6 4. Bg2 c6 5. d4 Qc7 6. Nge2 b5 7. a3 Be7 8. O-O
O-O 9. h3 Nbd7 10. f4 Nb6 11. b3 Nfd7 12. Be3 Bb7 13. a4 b4 14. Na2 a5 15. c4
bxc3 16. Naxc3 Ba6 17. Rc1 exd4 18. Bxd4 Nc5 19. Rf3 Rab8 20. Rb1 Nbd7 21. Bf1
Rb4 22. Na2 Rb7 23. Nec3 Bxf1 24. Kxf1 Rfb8 25. Nc1 Bf6 26. Re3 Bxd4 27. Qxd4
Nxb3 28. Nxb3 Rxb3 29. Rd1 Qb6 30. Ke2 Rb2+ 31. Kf3 Qxd4 32. Rxd4 Nb6 33. Red3
Nc8 34. Rc4 R2b6 35. e5 d5 36. Rc5 Ra6 37. Ne2 Ne7 38. Nd4 Rb4 39. f5 Rxa4 40.
Ke3 Rc4 41. Rb3 h6 42. Rb8+ Kh7 43. Rxc4 dxc4 44. Rb7 Nd5+ 45. Ke4 Nc3+ 46. Ke3
c5 47. Nc2 f6 48. e6 Ra8 49. Na3 a4 50. e7 Re8 51. Kf3 Nd5 52. Nxc4 Rxe7 53.
Rb5 Ra7 54. Na3 Rc7 55. Ra5 Nc3 56. Nc4 Rb7 57. Ra8 Rb3 58. Na5 Rb1 59. Nc6
Rf1+ 60. Kg4 Nd5 61. Rxa4 Ne3+ 62. Kh4 Nxf5+ 63. Kg4 Ne3+ 64. Kh4 Nf5+ 65. Kg4
Kg6 66. h4 h5+ 67. Kh3 Rf3 68. Kh2 Nxg3 69. Kg2 Rc3 70. Ne7+ Kf7 71. Nd5 Rb3
72. Nf4 Nf5 73. Ra7+ Kg8 74. Nxh5 Nxh4+ 75. Kf2 Nf5 76. Rc7 Rc3 77. Ke2 Rh3 78.
Nf4 Nd4+ 79. Kd1 Rf3 80. Ng6 Rd3+ 81. Kc1 Kh7 82. Nf4 Rf3 83. Nd5 Kh6 84. Kd2
g5 85. Ke1 Rf5 86. Ne7 Re5+ 87. Kf2 Kh5 88. Ng8 Rf5+ 89. Kg2 Ne6 90. Rc6 Nf4+
91. Kh2 Nd5 92. Rxc5 Kh4 93. Nh6 Rf2+ 94. Kg1 Rd2 95. Rc4+ Nf4 96. Kf1 Kh3 97.
Ng8 f5 98. Ne7 Rd1+ 99. Kf2 Nd3+ 0-1

[Event "Israel ch 2008"]
[Site "Haifa ISR"]
[Date "2008.12.10"]
[Round "8.18"]
[White "Zak, Uri"]
[Black "Porat, Maya"]
[Result "1/2-1/2"]
[WhiteElo "2205"]
[BlackElo "2167"]
[PlyCount "95"]
[EventDate "2008.11.??"]
[EventType "team-tourn"]
[EventRounds "9"]
[EventCountry "ISR"]
[Source "lmi"]
[SourceDate "2008.11.30"]

1. e4 c5 2. Nf3 d6 3. d4 cxd4 4. Qxd4 Nc6 5. Bb5 Bd7 6. Bxc6 Bxc6 7. Nc3 e5 8.
Qd3 Be7 9. O-O Nf6 10. Bg5 O-O 11. Bxf6 Bxf6 12. Rfd1 Be7 13. Nd2 Qd7 14. Nc4
Rad8 15. Nd5 b6 16. Qa3 Bxd5 17. Rxd5 Qc6 18. Qb3 Rc8 19. Ne3 Bg5 20. Nf5 Qxc2
21. h4 Qxb3 22. axb3 Rc1+ 23. Rd1 Rxd1+ 24. Rxd1 Bf6 25. Rxd6 Rc8 26. Rd7 Rc1+
27. Kh2 Ra1 28. h5 h6 29. Kg3 Rb1 30. Rxa7 Rxb2 31. Nd6 Rxb3+ 32. Kg4 Rb2 33.
Ra8+ Kh7 34. Nxf7 g6 35. Ra7 Bg7 36. Nxe5 gxh5+ 37. Kxh5 Rxf2 38. Ng4 Rf1 39.
Ne3 Rh1+ 40. Kg4 Kg6 41. Nd5 Bd4 42. Rb7 h5+ 43. Kf3 Rf1+ 44. Ke2 Rf2+ 45. Kd3
Bc5 46. e5 Kf5 47. Nxb6 Bxb6 48. Rxb6 1/2-1/2

[Event "Israel ch 2008"]
[Site "Haifa ISR"]
[Date "2008.12.10"]
[Round "8.19"]
[White "Vovinkina, Natalia"]
[Black "Atnilov, Bella"]
[Result "1/2-1/2"]
[WhiteElo "2147"]
[BlackElo "2119"]
[PlyCount "59"]
[EventDate "2008.11.??"]
[EventType "team-tourn"]
[EventRounds "9"]
[EventCountry "ISR"]
[Source "lmi"]
[SourceDate "2008.11.30"]

1. d4 d5 2. e3 Nf6 3. Bd3 c5 4. b3 Nc6 5. Bb2 cxd4 6. exd4 Bg4 7. Nf3 e6 8. O-O
Bd6 9. Nbd2 O-O 10. c4 e5 11. dxe5 Bxe5 12. Bxe5 Nxe5 13. Be2 Bxf3 14. Nxf3
Nxf3+ 15. Bxf3 dxc4 16. bxc4 Qc7 17. Qb3 Rab8 18. Rfd1 b6 19. g3 Rbd8 20. Qb5
Rxd1+ 21. Rxd1 Rd8 22. Rxd8+ Qxd8 23. c5 bxc5 24. Qxc5 Qb8 25. a4 g6 26. a5 Nd7
27. Qe7 Qb5 28. Qd8+ Kg7 29. Qc7 Ne5 30. Kg2 1/2-1/2

[Event "Israel ch 2008"]
[Site "Haifa ISR"]
[Date "2008.12.10"]
[Round "8.20"]
[White "Igla, Bella"]
[Black "Efroimski, Marsel"]
[Result "0-1"]
[WhiteElo "2254"]
[BlackElo "2052"]
[PlyCount "80"]
[EventDate "2008.11.??"]
[EventType "team-tourn"]
[EventRounds "9"]
[EventCountry "ISR"]
[Source "lmi"]
[SourceDate "2008.11.30"]

1. d4 d5 2. c4 e5 3. dxe5 d4 4. Nf3 Nc6 5. g3 Nge7 6. Bg2 Be6 7. Nbd2 Qd7 8.
Nb3 Bxc4 9. O-O O-O-O 10. Qc2 Bd5 11. Bg5 Qg4 12. Bxe7 Bxe7 13. Rac1 Qe4 14.
Qxe4 Bxe4 15. Bh3+ Kb8 16. Nfd2 Bd5 17. f4 a5 18. a3 b6 19. Rc2 a4 20. Nc1 Na5
21. Kf2 c5 22. e3 d3 23. Nxd3 Bb3 24. Nxb3 axb3 25. Rc3 c4 26. Nb4 Rd2+ 27. Kf3
Rxb2 28. Bd7 Rd2 29. Bb5 Rc8 30. Ke4 Kb7 31. Rb1 Rf2 32. h3 Rc5 33. Be8 f6 34.
Nd5 Bd8 35. Rcc1 f5+ 36. Kxf5 Rxd5 37. Bf7 g6+ 38. Ke6 Rc5 39. Rd1 Bc7 40. a4
b2 0-1

[Event "Israel ch 2008"]
[Site "Haifa ISR"]
[Date "2008.12.11"]
[Round "9.1"]
[White "Avrukh, Boris"]
[Black "Mikhalevski, Victor"]
[Result "1/2-1/2"]
[WhiteElo "2657"]
[BlackElo "2602"]
[PlyCount "25"]
[EventDate "2008.11.??"]
[EventType "team-tourn"]
[EventRounds "9"]
[EventCountry "ISR"]
[Source "lmi"]
[SourceDate "2008.11.30"]

1. d4 Nf6 2. c4 g6 3. Nf3 Bg7 4. g3 O-O 5. Bg2 c6 6. Nc3 d5 7. cxd5 cxd5 8. Ne5
e6 9. O-O Nfd7 10. f4 Nc6 11. b3 Ndxe5 12. dxe5 f6 13. exf6 1/2-1/2

[Event "Israel ch 2008"]
[Site "Haifa ISR"]
[Date "2008.12.11"]
[Round "9.3"]
[White "Lerner, Konstantin Z"]
[Black "Postny, Evgeny"]
[Result "1-0"]
[WhiteElo "2542"]
[BlackElo "2674"]
[PlyCount "97"]
[EventDate "2008.11.??"]
[EventType "team-tourn"]
[EventRounds "9"]
[EventCountry "ISR"]
[Source "lmi"]
[SourceDate "2008.11.30"]

1. d4 d5 2. c4 c6 3. Nf3 Nf6 4. Nc3 dxc4 5. a4 Bf5 6. e3 e6 7. Bxc4 Bb4 8. O-O
O-O 9. Nh4 Bg4 10. f3 Bh5 11. g4 Bg6 12. Nxg6 hxg6 13. e4 Qb6 14. g5 Rd8 15.
Be3 Ne8 16. Qe2 Nd7 17. Kh1 Qa5 18. Na2 Be7 19. Qc2 e5 20. b4 Qc7 21. Bxf7+
Kxf7 22. Qb3+ Kf8 23. f4 exd4 24. f5 Ne5 25. fxg6+ Bf6 26. Bf4 Ke7 27. Qg3 Qd6
28. gxf6+ gxf6 29. Bxe5 Qxe5 30. Qxe5+ fxe5 31. Rf7+ Kd6 32. Raf1 Nc7 33. g7
Ne6 34. R1f6 a5 35. bxa5 Re8 36. Nc1 c5 37. Rxb7 c4 38. Rb6+ Kc5 39. Rfxe6 d3
40. Na2 Rxe6 41. Rxe6 Kd4 42. Rd6+ Ke3 43. h4 Rg8 44. Rd7 Kxe4 45. Kg2 Kf4 46.
Kf2 Rb8 47. Rf7+ Ke4 48. Nc3+ Kd4 49. Nb5+ 1-0

[Event "Israel ch 2008"]
[Site "Haifa ISR"]
[Date "2008.12.11"]
[Round "9.4"]
[White "Nabati, Tamir"]
[Black "Huzman, Alexander"]
[Result "1-0"]
[WhiteElo "2456"]
[BlackElo "2591"]
[PlyCount "81"]
[EventDate "2008.11.??"]
[EventType "team-tourn"]
[EventRounds "9"]
[EventCountry "ISR"]
[Source "lmi"]
[SourceDate "2008.11.30"]

1. e4 e5 2. Nc3 Nf6 3. g3 Nc6 4. Bg2 Bc5 5. Nge2 d6 6. Na4 Be6 7. O-O Qd7 8. c3
Bh3 9. d4 Bxg2 10. Kxg2 Bb6 11. f3 h6 12. d5 Ne7 13. c4 O-O 14. g4 c6 15. h4
Bd8 16. Rh1 cxd5 17. cxd5 h5 18. g5 Nh7 19. Ng3 f6 20. Nc3 Ng6 21. f4 exf4 22.
Qxh5 fxg5 23. Qxg6 Rf6 24. Qh5 Rh6 25. Qd1 fxg3 26. hxg5 Bxg5 27. Rxh6 gxh6 28.
Qh5 Rf8 29. Qg6+ Qg7 30. Qxg7+ Kxg7 31. Nb5 Rf6 32. Kxg3 a6 33. Nd4 Rf1 34. Nb3
Bxc1 35. Rxc1 Rxc1 36. Nxc1 Kf6 37. Nd3 Ng5 38. Kf4 Nf7 39. a4 h5 40. a5 h4 41.
b3 1-0

[Event "Israel ch 2008"]
[Site "Haifa ISR"]
[Date "2008.12.11"]
[Round "9.6"]
[White "Bykhovsky, Anatoly"]
[Black "Berkovich, Mark A"]
[Result "1-0"]
[WhiteElo "2447"]
[BlackElo "2409"]
[PlyCount "47"]
[EventDate "2008.11.??"]
[EventType "team-tourn"]
[EventRounds "9"]
[EventCountry "ISR"]
[Source "lmi"]
[SourceDate "2008.11.30"]

1. d4 d5 2. Nf3 Nf6 3. c4 e6 4. Nc3 Bb4 5. Bg5 h6 6. Bxf6 Qxf6 7. e3 O-O 8. Rc1
c6 9. Bd3 dxc4 10. Bxc4 Nd7 11. O-O e5 12. d5 Bxc3 13. Rxc3 e4 14. dxc6 bxc6
15. Nd4 c5 16. Ne2 Nb6 17. Bb5 a6 18. Ba4 Bg4 19. Bc2 Rad8 20. Qe1 Nd5 21. Rxc5
Qxb2 22. Nd4 Rfe8 23. h3 Bc8 24. Qa5 1-0

[Event "Israel ch 2008"]
[Site "Haifa ISR"]
[Date "2008.12.11"]
[Round "9.7"]
[White "Golod, Vitali"]
[Black "Baron, Tal"]
[Result "1/2-1/2"]
[WhiteElo "2584"]
[BlackElo "2299"]
[PlyCount "159"]
[EventDate "2008.11.??"]
[EventType "team-tourn"]
[EventRounds "9"]
[EventCountry "ISR"]
[Source "lmi"]
[SourceDate "2008.11.30"]

1. Nf3 Nf6 2. c4 g6 3. Nc3 d5 4. cxd5 Nxd5 5. Qa4+ Bd7 6. Qb3 Nb6 7. d4 Bg7 8.
Bf4 O-O 9. Rd1 c6 10. e4 a5 11. Be2 a4 12. Qc2 Bg4 13. O-O N8d7 14. Bg5 Ra5 15.
Be3 Qc7 16. h3 Bxf3 17. Bxf3 e5 18. Be2 exd4 19. Bxd4 Bxd4 20. Rxd4 Nc5 21. Qd2
Ne6 22. Rd6 Rd8 23. Rxd8+ Qxd8 24. Qxd8+ Nxd8 25. Rd1 Ne6 26. g3 f6 27. f4 Kg7
28. Kg2 Kg8 29. Kg1 Kf7 30. Kf2 Ke7 31. a3 Nd7 32. Ke3 Ra8 33. h4 b5 34. Na2
Nb6 35. Nb4 Rc8 36. Nc2 Nd7 37. Rc1 Nb6 38. Rd1 Nd7 39. Bf1 Nb6 40. Rd2 Rb8 41.
Nb4 Rc8 42. f5 Nd8 43. Rc2 c5 44. Na6 c4 45. Nb4 Nf7 46. g4 Ne5 47. g5 Rd8 48.
Be2 Rd6 49. Rc1 Rd7 50. Rf1 c3 51. Bxb5 Nbc4+ 52. Kf4 Nd2 53. gxf6+ Kxf6 54.
Bxd7 Nxf1 55. Nd5+ Kg7 56. f6+ Kf8 57. Bxa4 Nd3+ 58. Kg5 cxb2 59. Bc2 Ne1 60.
Bb1 Nd2 61. Nc3 Nxb1 62. Nxb1 Nd3 63. Kh6 Kf7 64. a4 Kxf6 65. a5 Nc5 66. Kxh7
g5 67. e5+ Kf5 68. e6 Nxe6 69. hxg5 Kxg5 70. a6 Nc7 71. a7 Kf6 72. Kh6 Ke6 73.
Kg5 Kd6 74. Kf4 Kc6 75. Ke3 Kb7 76. Kd3 Kxa7 77. Kc4 Kb6 78. Kb4 Nd5+ 79. Kb3
Kc5 80. Nd2 1/2-1/2

[Event "Israel ch 2008"]
[Site "Haifa ISR"]
[Date "2008.12.11"]
[Round "9.8"]
[White "Raznikov, Danny"]
[Black "Greenfeld, Alon"]
[Result "1/2-1/2"]
[WhiteElo "2251"]
[BlackElo "2560"]
[PlyCount "33"]
[EventDate "2008.11.??"]
[EventType "team-tourn"]
[EventRounds "9"]
[EventCountry "ISR"]
[Source "lmi"]
[SourceDate "2008.11.30"]

1. Nf3 Nf6 2. c4 e6 3. Nc3 d5 4. d4 Bb4 5. cxd5 exd5 6. Bg5 Nbd7 7. e3 c5 8.
Be2 Qa5 9. O-O Bxc3 10. bxc3 c4 11. Qc2 Ne4 12. Rac1 Nb6 13. Bf4 Qa3 14. Ne5
Nd6 15. Nf3 Ne4 16. Ne5 Nd6 17. Nf3 1/2-1/2

[Event "Israel ch 2008"]
[Site "Haifa ISR"]
[Date "2008.12.11"]
[Round "9.9"]
[White "Roiz, Michael"]
[Black "Caspi, Israel"]
[Result "1/2-1/2"]
[WhiteElo "2677"]
[BlackElo "2408"]
[PlyCount "91"]
[EventDate "2008.11.??"]
[EventType "team-tourn"]
[EventRounds "9"]
[EventCountry "ISR"]
[Source "lmi"]
[SourceDate "2008.11.30"]

1. d4 Nf6 2. c4 g6 3. Nc3 Bg7 4. e4 d6 5. Nf3 O-O 6. Be2 e5 7. O-O Nc6 8. d5
Ne7 9. b4 Nh5 10. g3 a5 11. bxa5 f5 12. a4 Nf6 13. Nd2 c5 14. dxc6 bxc6 15. Bf3
Qxa5 16. Qc2 fxe4 17. Ndxe4 d5 18. cxd5 cxd5 19. Qb3 Be6 20. Ba3 Rfb8 21. Nxf6+
Bxf6 22. Nb5 e4 23. Bb4 Rxb5 24. axb5 Qxa1 25. Rxa1 Rxa1+ 26. Kg2 exf3+ 27.
Qxf3 Bf5 28. Qf4 g5 29. Qb8+ Kf7 30. Bxe7 Bxe7 31. Qe5 Be4+ 32. f3 Ra2+ 33. Kh3
h5 34. g4 Bxf3 35. Qf5+ Kg7 36. gxh5 Bxh5 37. Qd7 Ra3+ 38. Kg2 Bf3+ 39. Kf1 Kf6
40. b6 Rb3 41. b7 d4 42. Qxd4+ Kf5 43. Qd7+ Kf6 44. Qd4+ Kf5 45. Qd7+ Kf6 46.
Qd4+ 1/2-1/2

[Event "Israel ch 2008"]
[Site "Haifa ISR"]
[Date "2008.12.11"]
[Round "9.10"]
[White "Kantsler, Boris"]
[Black "Porat, Ido"]
[Result "1/2-1/2"]
[WhiteElo "2491"]
[BlackElo "2363"]
[PlyCount "31"]
[EventDate "2008.11.??"]
[EventType "team-tourn"]
[EventRounds "9"]
[EventCountry "ISR"]
[Source "lmi"]
[SourceDate "2008.11.30"]

1. d4 d5 2. c4 Nc6 3. Nc3 Nf6 4. Nf3 Bf5 5. Bg5 Ne4 6. cxd5 Nxc3 7. bxc3 Qxd5
8. Qb3 O-O-O 9. Qxd5 Rxd5 10. e3 f6 11. Bh4 e5 12. Bc4 Rd8 13. dxe5 g5 14. Bg3
Ba3 15. O-O Bb2 16. Rad1 1/2-1/2

[Event "Israel ch 2008"]
[Site "Haifa ISR"]
[Date "2008.12.11"]
[Round "9.11"]
[White "Gershkowich, David"]
[Black "Tseitlin, Mark D"]
[Result "0-1"]
[WhiteElo "2341"]
[BlackElo "2437"]
[PlyCount "102"]
[EventDate "2008.11.??"]
[EventType "team-tourn"]
[EventRounds "9"]
[EventCountry "ISR"]
[Source "lmi"]
[SourceDate "2008.11.30"]

1. e4 e5 2. Nf3 Nc6 3. Bb5 a6 4. Ba4 Nf6 5. O-O Be7 6. Re1 b5 7. Bb3 O-O 8. h3
Bb7 9. a3 d5 10. exd5 Nd4 11. Rxe5 Nxb3 12. cxb3 Nxd5 13. d4 c5 14. dxc5 Bxc5
15. Bd2 Qb6 16. Qe2 Bd6 17. Re4 f5 18. Re6 Rad8 19. Bg5 Rc8 20. Nbd2 h6 21.
Bxh6 gxh6 22. Rg6+ Kh7 23. Qe6 Nf6 24. Qxf5 Qc5 25. Rg5+ Qxf5 26. Rxf5 Rc2 27.
Rd1 Rxb2 28. a4 Nd5 29. Rxf8 Bxf8 30. axb5 axb5 31. Ra1 Bc5 32. Rc1 Bb6 33. Re1
Rc2 34. Re6 Rc1+ 35. Kh2 Bc7+ 36. g3 Rc2 37. Kg2 Kg7 38. Kf1 Bc8 39. Re8 Bxh3+
40. Ke2 Bg4 41. Kd3 Nb4+ 42. Ke4 Bh5 43. Ra8 Bg6+ 44. Ke3 Bb6+ 45. Ke2 Bd3+ 46.
Kd1 Bxf2 47. Ne5 Be3 48. Ra7+ Bxa7 49. Nxd3 Rxd2+ 50. Kxd2 Nxd3 51. Kxd3 Kf6
0-1

[Event "Israel ch 2008"]
[Site "Haifa ISR"]
[Date "2008.12.11"]
[Round "9.12"]
[White "Zilberman, Yaacov"]
[Black "Prozhanski, Genrik"]
[Result "1/2-1/2"]
[WhiteElo "2447"]
[BlackElo "2316"]
[PlyCount "84"]
[EventDate "2008.11.??"]
[EventType "team-tourn"]
[EventRounds "9"]
[EventCountry "ISR"]
[Source "lmi"]
[SourceDate "2008.11.30"]

1. d4 Nf6 2. Nf3 c5 3. d5 g6 4. Nc3 d6 5. e4 Bg4 6. Be2 Bxf3 7. Bxf3 Bg7 8. O-O
Na6 9. Be3 O-O 10. Re1 Nd7 11. Be2 Nc7 12. a4 b6 13. Qd2 a6 14. Bh6 Bxh6 15.
Qxh6 e5 16. dxe6 fxe6 17. Rad1 Ne5 18. f4 Nc6 19. f5 gxf5 20. exf5 Rxf5 21. Ne4
d5 22. Bg4 Qf8 23. Qxf8+ Raxf8 24. Bxf5 Rxf5 25. Nf2 Rf4 26. b3 c4 27. Re3 b5
28. axb5 axb5 29. Rg3+ Kf7 30. Rf3 Rxf3 31. gxf3 e5 32. Ng4 Ke6 33. bxc4 bxc4
34. Rb1 Kd6 35. Kf2 h5 36. Ne3 Kc5 37. Rb7 Ne6 38. h4 d4 39. Nf5 Nb4 40. Re7
Kd5 41. Rd7+ Kc5 42. Re7 Kd5 1/2-1/2